00588nam a2200181Ia 4500008004100000040001400041082002100055100001900076245003800095260003700133300001300170365002800183366000800211505002000219620009100239630003800330730003800368100315s9999 xx 000 0 und d cENGLISH  b3835 a336.24  a"Mehta, N.V. " aIncome Tax Ready Reckoner 2001-02 aMumbai bShree Kuber  c2001  a336p.   eRupees d1 b300.00  f0  gTushar Jadhav  a"Finance Act 2000, Exclusions from total income, Deductions From Gross total income " aIncome Tax Ready Reckoner 2001-02 aIncome Tax Ready Reckoner 2001-02